000 00569nam a22001697a 4500
005 20240122132930.0
008 240122b |||||||| |||| 00| 0 eng d
020 _a0409004227
041 _aEnglish
082 _a349 JOU
100 _aJoubert, WA and Scott, TJ
_lEnglish
245 _aThe Law of South Africa : Fifth Cumulative Table of Cases /
_cWA Joubert and TJ Scott
260 _aDurban :
_bButterowrth Publishers (Pty) Ltd,
_c1996
300 _b987 pages ;
_c26,4 cm.
650 _aLegal practice
_bLaw
942 _cBK
_6ALISON_BN_VRIES
999 _c1269
_d1269